| 000 | 00631nam a22002177a 4500 | ||
|---|---|---|---|
| 999 |
_c14023 _d14023 |
||
| 001 | 24393 | ||
| 003 | MIRAKIL | ||
| 005 | 20200911133656.0 | ||
| 008 | 200911b tu ||||| |||| 00| 0 tur d | ||
| 040 |
_aTR-AnCHP _btur _cTR-AnCHP |
||
| 041 | _atur | ||
| 082 |
_a956.1023 _bT25k 1997 |
||
| 100 | _aTanör, Bülent | ||
| 245 |
_aKuruluş: _b(Türkiye: 1920 sonraları)/ _cBülent Tanör |
||
| 260 |
_aİstanbul: _bYenigün Haber Ajansı, _c1997. |
||
| 300 |
_a190 s.: _c19 sm. |
||
| 650 |
_aCumhuriyetin İlanı _xTürkiye |
||
| 650 |
_aSaltanatın kaldırılması _xTürkiye |
||
| 650 |
_aTürkiye _xTarih _y1920- |
||
| 942 |
_2ddc _cBKS |
||